000 00717nam a2200241Ia 4500
003 OSt
005 20220918205213.0
006 a|||||r|||| 00| 0
007 ta
008 220917b |||||||| |||| 00| 0 eng d
024 _a115,703
037 _cTextual
040 _aARTS
_cARTS
_beng
041 _2eng
_aeng
082 _aV6aN7, L0 (906)
100 _aMatthews Danbiel G ed
_9114419
245 0 _aCurrent themes in African historical studies
_b a selected in African histiory
260 _c1970
490 _aAfrican bibliographic centre special bibliographic series; no7
650 _aHISTORY
942 _hV6aN7, L0 (906)
_cTEXL
_2CC
999 _c239032
_d239032